| 000 | 00677nam a2200241Ia 4500 | ||
|---|---|---|---|
| 003 | OSt | ||
| 005 | 20220924115300.0 | ||
| 006 | a|||||r|||| 00| 0 | ||
| 007 | ta | ||
| 008 | 220923b |||||||| |||| 00| 0 urd d | ||
| 024 | _a319606 | ||
| 037 | _cTextual | ||
| 040 |
_aARTS _cARTS _burd |
||
| 041 |
_2urd _aurd |
||
| 082 | _aO168,6NAT,1, H4 | ||
| 100 |
_aFaridabadi Syed Abu Tamim Au. _9177553 |
||
| 245 | 0 | _aGadhon mein bedari | |
| 260 |
_aDelhi _bAnjuman taraqqi Urdu India _c1944 |
||
| 300 |
_a160p. _ccm. |
||
| 650 |
_aURDU PROSE _926866 |
||
| 942 |
_hO168,6NAT,1, H4 _cTEXL _2CC |
||
| 999 |
_c397602 _d397602 |
||